|
|
|
|
| LEADER |
01370nam a22003257a 4500 |
| 001 |
18246 |
| 003 |
BD-DhAAL |
| 005 |
20250129123744.0 |
| 008 |
230611t2001 enk||||| b||| 001 0 eng d |
| 020 |
|
|
|a 1856499774 (hb)
|
| 020 |
|
|
|a 1856499782 (pb)
|
| 040 |
|
|
|a BD-DhAAL
|d BD-DhAAL
|
| 082 |
|
|
|2 22
|a 323.32942
|
| 245 |
|
|
|a The poverty of rights :
|b human rights and the eradication of poverty /
|c edited by Willem van Genugten and Camilo Perez-Bustillo.
|
| 300 |
|
|
|a xiv, 209 pages ;
|c 23 cm.
|
| 490 |
|
|
|a CROP international studies in poverty research
|
| 504 |
|
|
|a Includes bibliographical references and index.
|
| 526 |
|
|
|x Syed M. Hashemi
Director, BDI.
Course name and no. N/A
|
| 541 |
|
|
|a The university press
|e 18246
|
| 650 |
|
|
|a Distributive justice.
|9 8196
|
| 650 |
|
|
|a Human rights.
|
| 650 |
|
|
|a Poverty.
|
| 650 |
|
|
|a Social justice.
|
| 650 |
|
|
|a Political participation.
|
| 700 |
|
|
|a Genugten, Willem J. M. van.
|9 54586
|
| 700 |
|
|
|a Pérez-Bustillo, Camilo,
|d 1955-
|9 54587
|
| 852 |
|
|
|a Ayesha Abed Library
|c General Stacks
|
| 942 |
|
|
|2 ddc
|c BK
|
| 999 |
|
|
|c 45858
|d 45858
|
| 952 |
|
|
|0 0
|1 0
|2 ddc
|4 0
|6 323_329420000000000_POV
|7 0
|9 73769
|a BIGD
|b BIGD
|c GEN
|d 2023-06-11
|e University press
|g 1926.00
|l 0
|o 323.32942 POV
|p 3050018246
|r 2023-06-11
|t 1
|w 2023-06-11
|y BK
|x Transfer from BDI to BIGD. Requisitioned by Syed M. Hashemi Director, BDI. Course name and no. N/A
|